Mikael Kurkiala, « Building the Nation Back up »., The Politics of Identity on the Pine Ridge Indian Reservation, Uppsala, Acta Universitatis Upsaliensis, 1997, 254 p., réf., fig., ph., (« Uppsala Studies in Cultural Anthropology » 22) (notice n° 1643139)
[ vue normale ]
| 000 -LEADER | |
|---|---|
| fixed length control field | 00655cam a2200145 4500500 |
| 005 - DATE AND TIME OF LATEST TRANSACTION | |
| control field | 20260201153510.0 |
| 041 ## - LANGUAGE CODE | |
| Language code of text/sound track or separate title | fre |
| 042 ## - AUTHENTICATION CODE | |
| Authentication code | dc |
| 100 10 - MAIN ENTRY--PERSONAL NAME | |
| Personal name | Rostkowski, Joëlle |
| Relator term | author |
| 245 00 - TITLE STATEMENT | |
| Title | Mikael Kurkiala, « Building the Nation Back up »., The Politics of Identity on the Pine Ridge Indian Reservation, Uppsala, Acta Universitatis Upsaliensis, 1997, 254 p., réf., fig., ph., (« Uppsala Studies in Cultural Anthropology » 22) |
| 260 ## - PUBLICATION, DISTRIBUTION, ETC. | |
| Date of publication, distribution, etc. | 2001.<br/> |
| 500 ## - GENERAL NOTE | |
| General note | 46 |
| 786 0# - DATA SOURCE ENTRY | |
| Note | L'Homme | 160 | 4 | 2001-10-01 | p. 193r-300r | 0439-4216 |
| 856 41 - ELECTRONIC LOCATION AND ACCESS | |
| Uniform Resource Identifier | <a href="https://shs.cairn.info/revue-l-homme-2001-4-page-193r?lang=fr&redirect-ssocas=7080">https://shs.cairn.info/revue-l-homme-2001-4-page-193r?lang=fr&redirect-ssocas=7080</a> |
Pas d'exemplaire disponible.




Réseaux sociaux